Deuda externa (Registro nro. 6122)
[ vista simple ]
| 000 -LEADER | |
|---|---|
| fixed length control field | 02157 a2200229 4500 |
| 001 - CONTROL NUMBER | |
| control field | 57122 |
| 005 - DATE AND TIME OF LATEST TRANSACTION | |
| control field | 20260407155833.0 |
| 008 - FIXED-LENGTH DATA ELEMENTS--GENERAL INFORMATION | |
| fixed length control field | 260407a1994 arg spa d |
| 003 - CONTROL NUMBER IDENTIFIER | |
| control field | AR-UNSa-BCEJYS |
| 040 ## - CATALOGING SOURCE | |
| Original cataloging agency | AR-UNSa-BCEJYS |
| Language of cataloging | spa |
| Transcribing agency | AR-UNSa-BCEJYS |
| 080 ## - UNIVERSAL DECIMAL CLASSIFICATION NUMBER | |
| Universal Decimal Classification number | 339.72.053.1 |
| Common auxiliary subdivision | Deuda exterior. Déficit de la balanza de pagos |
| 020 ## - INTERNATIONAL STANDARD BOOK NUMBER | |
| International Standard Book Number | 950-14-0748-9 |
| 041 ## - LANGUAGE CODE | |
| Language code of text/sound track or separate title | spa |
| 100 1# - MAIN ENTRY--PERSONAL NAME | |
| Personal name | López Goldaracena, Oscar A. |
| 245 10 - TITLE STATEMENT | |
| Title | Deuda externa |
| Name of part/section of a work | análisis jurídico, los préstamos sindicados |
| 264 #1 - PRODUCTION, PUBLICATION, DISTRIBUTION, MANUFACTURE, AND COPYRIGHT NOTICE | |
| Place of production, publication, distribution, manufacture | Buenos Aires : |
| Name of producer, publisher, distributor, manufacturer | Ediciones Depalma |
| Date of production, publication, distribution, manufacture, or copyright notice | 1994 |
| 300 ## - PHYSICAL DESCRIPTION | |
| Extent | 183 p. |
| Dimensions | 23 cm. |
| 505 ## - FORMATTED CONTENTS NOTE | |
| Formatted contents note | Primera parte. La problemática de la deuda externa y de los préstamos sindicados: 1. Mercado internacional de capitales – 2. Origen de los préstamos sindicados – 3. Crisis de la deuda externa – 4. Reacomodamiento del mercado internacional de capitales ante la crisis de la deuda externa – 5. Planes de refinanciación – 6. El Uruguay y la crisis de la deuda – Segunda Parte. Delimitación del análisis jurídico de la deuda externa por préstamos sindicados a un estado soberano. Cuestiones previas: 7. Definiciones – 8. Conceptualización del sustrato factico y la realidad jurídica de los préstamos sindicados – Tercera Parte. Hacia una teoría general del derecho aplicable a la contratación internacional. Referencia a los préstamos sindicados: 9. Estudios de los diversos ordenes jurídicos – 10. La autonomía de la voluntad y el derecho aplicable a los préstamos sindicados – 11. Conclusión sobre el derecho aplicable a la realización jurídica de los préstamos sindicados – Cuarta Parte. Los sujetos intervinientes en el préstamo sindicado: 12. El sindicato de bancos – 13. El estado como parte contractual – Quinta Parte. El perfeccionamiento del contrato: 14. Formación de la voluntad de estado para obligarse en contratos que se rigen por el derecho privado – 15. Particular referencia al derecho Uruguayo – 16.Conclusion del contrato. |
| 590 ## - LOCAL NOTE (RLIN) | |
| Local note | niveau_biblio:m niveau_hierar:0 |
| 856 41 - ELECTRONIC LOCATION AND ACCESS | |
| Uniform Resource Identifier | <a href="https://www.biblioeco.unsa.edu.ar/pmb/images/libros/L128699.jpg">https://www.biblioeco.unsa.edu.ar/pmb/images/libros/L128699.jpg</a> |
| Link text | Imagen de portada |
| Electronic format type | image/jpeg |
| 942 ## - ADDED ENTRY ELEMENTS (KOHA) | |
| Koha item type | |
| Withdrawn status | Lost status | Damaged status | Not for loan | Home library | Current library | Shelving location | Date acquired | Total checkouts | Full call number | Barcode | Date last seen | Price effective from | Koha item type |
|---|---|---|---|---|---|---|---|---|---|---|---|---|---|
| Biblioteca Prof. Eusebio Cleto del Rey | Biblioteca Prof. Eusebio Cleto del Rey | 07/04/2026 | 339.72.053.1 L864 | L128699 | 07/04/2026 | 07/04/2026 | Libro |